000 00663nam a2200229 a 4500
001 70170
003 BD-RjUL
005 20211209081954.0
008 170416s2008 ii a|||| |||| 001 0 eng d
020 _a9788173198649
035 _a(BD-RjUL)70383
040 _aBD-RjUL
_beng
_cBD-RjUL
_dBD-RjUL
041 _aeng
082 _223
_a530.13
_bPAI 2008
100 1 _aPal, B. Palash
_9207819
245 1 3 _aAn introductory course of statistical mechanics /
_cPalash B. Pal
260 _aNew Delhi :
_bNarosha Pub. House,
_c2008
300 _axxii, 372 p. :
_bill. ;
_c32 cm.
500 _aIncludes index
650 _aStatistical mechanics
_9117125
942 _2ddc
_cBK
999 _c70170
_d70170